SIX THINKING HATS (Record no. 1160235)

MARC details
000 -LEADER
fixed length control field 00248nam a2200109Ia 4500
008 - FIXED-LENGTH DATA ELEMENTS--GENERAL INFORMATION
fixed length control field 240521s2007 xx 000 0 und d
041 ## - LANGUAGE CODE
Language code of text/sound track or separate title eng
100 ## - MAIN ENTRY--PERSONAL NAME
Personal name BONO E.DE
245 ## - TITLE STATEMENT
Title SIX THINKING HATS
260 ## - PUBLICATION, DISTRIBUTION, ETC.
Name of publisher, distributor, etc. PENGUIN BOOKS
Date of publication, distribution, etc. 2007
300 ## - PHYSICAL DESCRIPTION
Extent 177

No items available.